000 00704nam a22001697a 4500
005 20260301153100.0
010 _aBACCHHN26
020 _c425.00
_a9789385744532
037 _bअभिमन्यु प्रकाशन
082 _a
100 _aकौशिक,अशोक
_987962
245 _aपंचतंत्र की प्रेरक कहानियाँ /
_cअशोक कौशिक
260 _aदिल्ली
_bअभिमन्यु प्रकाशन
_c2025
270 _aसी-19, सी. सी. कॉलोनी
_bदिल्ली
_e110007
300 _a112पृ.
_c26 सेमी.(सजिल्द)
942 _2ddc
_cCH
_h
_mकौशिक
999 _c215275
_d215275